000 00617nam a2200205Ia 4500
001 2386
003 GE_BSU
008 181216s||||||||xx |||||||||||||| ||und||
040 _cGE_BSU
080 _a101
100 _aჭელიძე,მერი
245 _aფილოსოფიის შესავალი
245 _cრედ. ალექსანდრე ალადაშვილი
260 _aთბილისი
260 _c2009
300 _a227გვ.
653 _aფილოსოფია
653 _aფილოსოფიის შესავალი
942 _cBK
999 _c36471
_d36471